Arrondissements of Paris - Map Quiz - Statistics

General Stats
  • This quiz has been taken 714 times
  • The average score is 10 of 20
Answers on the Map
Answers color-coded by a green-red scale on the quiz's map according to % correct below.
 
Answer Stats
Answer % Correct
Louvre
74%
Hôtel-de-Ville
68%
Buttes-Montmartre
63%
Élysée
62%
Luxembourg
62%
Panthéon
59%
Opéra
56%
Buttes-Chaumont
55%
Batignolles-Monceau
48%
Passy
48%
Bourse
46%
Temple
44%
Gobelins
43%
Vaugirard
43%
Palais-Bourbon
42%
Ménilmontant
37%
Reuilly
37%
Observatoire
34%
Entrepôt
31%
Popincourt
29%
No matching quizzes found
Score Distribution
Percent of People with Each Score
Percentile by Number Answered
Your Score History
You have not taken this quiz